[Event "EICC 2019"]
[Site "Skopia"]
[Date "2019.03.27"]
[Round "9.37"]
[White "Kobalia, Mikhail"]
[Black "Sivuk, Vitaly"]
[Result "1-0"]
[WhiteElo "2627"]
[BlackElo "2514"]
[Annotator "TA"]
[PlyCount "83"]
[EventDate "2019.03.18"]
[EventType "swiss"]
[EventCountry "MKD"]
[SourceTitle "playchess.com"]
[Source "ChessBase"]
[SourceQuality "1"]

{[%evp 9,83,24,40,22,27,21,19,17,25,18,35,14,11,14,32,32,29,7,21,5,12,22,26,0,78,78,78,81,87,69,81,76,81,77,143,129,141,109,112,97,117,115,103,105,216,123,211,211,211,211,211,211,211,190,211,211,253,258,258,258,346,337,317,310,379,378,377,369,362,362,347,343,537,453,516,436]} 1. e4 e5 2. Nf3 Nc6 3. Bb5 Nf6 4. d3 d6 5. O-O Bd7 6. c4 {C66: Ruy Lopez: Steinitz Defence} g6 7. Nc3 Bg7 8. h3 {The position is equal.} O-O 9. Be3 Ne7 10. d4 $146 ({Predecessor:} 10. Bxd7 Nxd7 11. d4 exd4 12. Nxd4 Re8 13. Bg5 {½-½ (51) Oleksienko,M (2640)-Salomon,J (2340) Yerevan 2014}) 10... Bxb5 11. cxb5 d5 12. dxe5 Nxe4 13. Rc1 a6 14. bxa6 Nxc3 15. Rxc3 Rxa6 16. Qb3 b6 (16... Qc8 $11 {keeps the balance.}) 17. Bg5 $1 $16 h6 18. Bxe7 Qxe7 19. Rfc1 c5 20. Qxd5 Rd8 21. Qc4 $36 {[%mdl 2048] White is really pushing.} Qa7 {[#]} (21... Ra7 $142) 22. a3 $1 Ra4 23. Qb3 Re4 24. Rd3 Qe7 {[#]} 25. Rxd8+ $1 Qxd8 26. Rd1 Qc7 (26... Qe7 $16) 27. Qb5 (27. Qd5 $18 Ra4 28. e6) 27... Bxe5 (27... Qe7 $16 {was worth a try.}) 28. Qe8+ $18 Kg7 {White must now prevent ...Bh2+!} 29. Kh1 Rd4 30. Nxd4 Bxd4 {[%mdl 4096] Endgame KQR-KQB} 31. Rd2 Qf4 32. Qe2 h5 33. g3 Qf5 34. Kg2 Qf6 35. h4 Qc6+ 36. Qf3 Qd6 37. a4 Qd7 38. b3 {[%cal Bb2b3,Bb3b4,Bb4b5][%mdl 32]} Qe6 39. Re2 Qd7 40. Qe4 Qd6 (40... Bf6 $142 41. Qa8 Qd1) 41. b4 Bc3 42. b5 {Accuracy: White = 68%, Black = 50%.} 1-0

[Event "EICC 2019"]
[Site "Skopia"]
[Date "2019.03.27"]
[Round "9.38"]
[White "Basso, Pier Luigi"]
[Black "Onischuk, Vladimir"]
[Result "0-1"]
[WhiteElo "2521"]
[BlackElo "2626"]
[Annotator "TA"]
[PlyCount "82"]
[EventDate "2019.03.18"]
[EventType "swiss"]
[EventCountry "MKD"]
[SourceTitle "playchess.com"]
[Source "ChessBase"]
[SourceQuality "1"]

{[%evp 23,82,50,44,29,39,31,50,42,46,38,38,37,38,44,38,47,51,29,103,0,0,0,0,0,0,0,0,-61,-39,-47,-35,-120,-82,-89,-78,-202,-193,-204,-201,-199,-206,-219,-123,-206,-208,-195,-162,-295,-297,-601,-601,-822,-814,-806,-798,-564,-417,-417,-410,-403,-398]} 1. d4 g6 2. e4 d6 3. Nc3 Bg7 4. f4 Nf6 5. Nf3 O-O 6. Bd3 Na6 7. O-O c5 8. d5 Bg4 9. Bc4 Nc7 10. h3 Bxf3 11. Qxf3 a6 12. a4 b6 13. Qd3 {B09: Pirc Defence: Austrian Attack} Qc8 (13... Nd7 14. Bd2 Qc8 15. Rab1 Rb8 16. b4 cxb4 17. Rxb4 Nc5 18. Qe3 Qd7 19. Rfb1 Bxc3 20. Bxc3 Nxa4 21. Ba1 b5 {½-½ (42) Seyb,A (2416)-Braun,A (2605) Germany 2019}) 14. f5 Nd7 15. Qg3 {White is slightly better.} Ne8 $146 ({Predecessor:} 15... Be5 16. Qh4 Bf6 17. Qe1 Ne8 18. Bh6 Bg7 19. Qh4 Ne5 20. fxg6 hxg6 {1-0 (66) Bastos,P (2452)-Flores Gutierrez,C (2447) ICCF email 2010}) 16. Qh4 Bf6 17. Qe1 Bd4+ 18. Kh1 Nef6 19. Qh4 Qb7 20. Bh6 Be5 (20... Rfc8 $11) 21. Rae1 ({White should play} 21. Bxf8 $16 Rxf8 22. Be2) 21... Rfb8 $11 22. fxg6 hxg6 23. Be2 b5 24. axb5 axb5 25. Rf3 (25. Nxb5 $11 c4 26. Bxc4) 25... c4 26. Rff1 Nc5 {[%cal Bd7c5,Bc5d3,Bd3b2][%mdl 32] aiming for ...b4.} 27. Bf3 (27. Bf4 $1 $15) 27... b4 $17 28. Nd1 b3 $36 {[%mdl 2048] Black has strong initiative.} 29. cxb3 (29. Ne3 $17 {is a better defense.}) 29... Nd3 $1 $19 (29... Qxb3 30. Ne3 $15) ({Don't take} 29... Nxb3 30. Bf4 $17) 30. Re2 {[#] Ne3 would now be nice for White.} Ra1 $1 ({Weaker is} 30... Qxb3 31. Ne3 $15) 31. bxc4 Nxb2 32. Ne3 Rxf1+ 33. Nxf1 {[#]} Nd3 $1 {And now ...Qb1 would win.} ({Don't do} 33... Nxc4 34. Rc2 $17) 34. Rd2 Qb3 35. Be2 (35. Kg1 $142) 35... Nc5 36. Be3 $2 (36. Bf3) 36... Ncxe4 37. Rd1 {[#]} Ng3+ $1 {[%mdl 512]} 38. Nxg3 Qxe3 39. Bf3 Qf2 40. Nf5 Qxh4 41. Nxh4 Bg3 {Precision: White = 39%, Black = 84%.} 0-1

[Event "EICC 2019"]
[Site "Skopia"]
[Date "2019.03.27"]
[Round "9.39"]
[White "Van Foreest, Lucas"]
[Black "Sarana, Alexey"]
[Result "0-1"]
[WhiteElo "2515"]
[BlackElo "2625"]
[Annotator "TA"]
[PlyCount "110"]
[EventDate "2019.03.18"]
[EventType "swiss"]
[EventCountry "MKD"]
[SourceTitle "playchess.com"]
[Source "ChessBase"]
[SourceQuality "1"]

{[%evp 10,110,16,10,10,10,11,8,15,13,23,0,15,9,26,25,23,-6,-13,-12,-1,-4,0,0,0,6,6,7,12,0,0,0,16,12,9,0,0,0,0,0,0,-24,-25,-25,-20,-32,-29,-33,-29,-48,-45,-47,-35,-51,-38,-38,-9,-46,-45,-54,-24,-18,-32,-126,-119,-134,-61,-193,-181,-295,-319,-320,-313,-420,-409,-417,-412,-406,-389,-472,-360,-378,-373,-360,-339,-422,-383,-632,-682,-695,-676,-652,-593,-750,-831,-792,-760,-765,-722,-5085,-5013,-2205,-2146]} 1. d4 Nf6 2. Bf4 d5 3. e3 e6 4. Nf3 Bd6 5. Bxd6 Qxd6 6. c4 O-O {D02: 1 d4 d5 2 Nf3 sidelines, including 2...Nf6 3 g3 and 2...Nf6 3 Bf4} (6... c5 7. cxd5 Nxd5 8. e4 Ne7 9. Na3 O-O 10. Nc4 Qf4 11. dxc5 Qxe4+ 12. Be2 Na6 13. Rc1 Nxc5 14. Qd6 {1-0 (51) Nabaty,T (2690)-Rakhmanov,A (2655) Batumi 2018}) 7. Nc3 a6 8. c5 Qe7 {The position is equal.} 9. Ne5 Nbd7 10. Nxd7 $146 ({Predecessor:} 10. f4 Nxe5 11. fxe5 Nd7 12. Qh5 g6 13. Qh6 f6 14. Qh4 {0-1 (27) Spik,P (1984)-Baum,J (2169) Tatranska Lomnica 2017}) 10... Nxd7 11. Bd3 c6 12. O-O e5 13. f4 exf4 14. exf4 Qe3+ 15. Rf2 Re8 (15... g6 {keeps more tension.} 16. Bc2 Nf6 17. Qd3 Qxd3 18. Bxd3 Re8) 16. Qe2 Qxe2 17. Rxe2 Rxe2 18. Nxe2 Nf6 19. Ng3 g6 20. h3 Be6 21. Kf2 Ne8 22. Ke3 Ng7 23. Kd2 f6 24. Re1 Kf7 25. Kc3 h5 26. h4 a5 27. Kb3 Bg4 28. Kc3 Rb8 29. Re3 b6 30. cxb6 Rxb6 31. Re1 Rb8 32. b3 f5 33. Rf1 Ne6 $36 {[%mdl 2048] Black has good play.} 34. a3 c5 35. dxc5 Nxc5 36. Bc2 ({Only move:} 36. Rb1 $1 $15) 36... Ke6 37. Re1+ {[#]} Ne4+ (37... Kd6 $1 $17 38. Ne2 Ne6) 38. Bxe4 (38. Kb2 $15) 38... fxe4 $15 {[%mdl 4096] Endgame KRB-KRN} ({Weaker is} 38... dxe4 39. Nf1 $15) 39. Re3 (39. Nf1 $142) 39... Rc8+ $19 40. Kd2 Rf8 41. Rc3 Rxf4 42. Ke3 Ke5 {[#] ( -> ...d4+)} 43. Rc5 {With the idea Rxd5+!} Be6 44. b4 axb4 45. axb4 Rg4 46. Ne2 Rxg2 47. b5 {If White can now play b6 this consolidates a bit.} Rh2 48. b6 $2 (48. Nf4 Bf7 49. Ne2) 48... Rh3+ {Black is clearly winning.} 49. Kd2 Rb3 50. Rc6 {Black must now prevent Rxe6+!} Bd7 51. Rxg6 Bf5 52. Kc2 Rb5 ({Not} 52... Bxg6 53. Kxb3 Kd6 54. Nd4 $17) 53. Rg5 Rxb6 54. Kc3 Rg6 55. Rxh5 Rg2 {Accuracy: White = 46%, Black = 74%.} 0-1

[Event "EICC 2019"]
[Site "Skopia"]
[Date "2019.03.27"]
[Round "9.40"]
[White "Baron, Tal"]
[Black "Salgado Lopez, Ivan"]
[Result "1/2-1/2"]
[WhiteElo "2506"]
[BlackElo "2622"]
[Annotator "TA"]
[PlyCount "76"]
[EventDate "2019.03.18"]
[EventType "swiss"]
[EventCountry "MKD"]
[SourceTitle "playchess.com"]
[Source "ChessBase"]
[SourceQuality "1"]

{[%evp 25,76,26,37,40,51,0,24,0,14,6,29,0,0,0,0,0,0,0,3,-12,0,-11,15,0,0,0,0,0,0,0,17,5,35,10,10,8,11,22,20,18,53,6,8,0,8,0,0,0,19,0,10,0,4]} 1. d4 Nf6 2. c4 e6 3. Nc3 d5 4. cxd5 exd5 5. Bg5 c6 6. Qc2 Nbd7 7. e3 h6 8. Bh4 Be7 9. Bd3 O-O 10. Nge2 Re8 11. f3 Nf8 12. O-O Ne6 13. Rad1 b6 14. Kh1 {D36: Queen's Gambit Declined: Exchange Variation: Main line (5 Bg5 c6 6 Qc2)} Bb7 15. h3 (15. Bf2 $14) 15... Rc8 $146 (15... Nh5 $5 {[%cal Re7h4]} 16. Bxe7 Qxe7 $11) ({Predecessor:} 15... a6 16. Bf5 Nh5 17. Bf2 {1-0 (38) Peng,Z (2393)-Van Beek,L (2398) Netherlands 2000}) 16. Qb1 {White has an edge.} Nh5 17. Bf2 Bh4 18. Bg1 Ng3+ 19. Nxg3 Bxg3 20. b4 Bb8 21. Ne2 Qe7 22. Rde1 Bd6 23. a3 a5 {[%cal Ra5b4]} 24. bxa5 bxa5 25. a4 Bb4 26. Rc1 c5 27. dxc5 Nxc5 28. Bb5 Bc6 29. Bxc6 Rxc6 30. Rfd1 Rd6 31. Nd4 {[#] And now Nf5 would win.} Qg5 32. Qa2 Red8 33. Nb5 R6d7 {The position is equal.} 34. Nd4 Qg6 35. Bh2 Re8 36. Bg1 Red8 37. Bh2 Re8 38. Bg1 Red8 {Precision: White = 54%, Black = 54%.} 1/2-1/2

[Event "EICC 2019"]
[Site "Skopia"]
[Date "2019.03.27"]
[Round "9.41"]
[White "Martirosyan, Haik M."]
[Black "Goryachkina, Aleksandra"]
[Result "1-0"]
[WhiteElo "2616"]
[BlackElo "2504"]
[Annotator "TA"]
[PlyCount "83"]
[EventDate "2019.03.18"]
[EventType "swiss"]
[EventCountry "MKD"]
[SourceTitle "playchess.com"]
[Source "ChessBase"]
[SourceQuality "1"]

{[%evp 18,83,12,27,21,10,12,5,13,24,29,16,0,-20,-15,-45,-34,-45,-24,-81,-53,-62,0,-6,0,0,197,177,181,182,278,156,150,167,166,155,162,170,162,156,202,190,266,261,204,182,187,183,205,173,244,232,503,501,504,500,835,384,589,590,485,410,423,382,618,530,755,712]} 1. Nf3 d5 2. g3 c6 3. Bg2 Bg4 4. d3 Nf6 5. Nbd2 Nbd7 6. h3 Bh5 7. O-O e5 8. e4 dxe4 9. dxe4 Be7 10. Qe1 O-O {A07: Réti Opening: New York and Capablanca Systems} 11. Nc4 Qc7 12. Nh4 Rfe8 {The position is equal.} 13. a4 Bf8 14. Bd2 Nc5 15. Bc3 (15. Ba5 b6 16. Bc3 Nfd7 17. f4 f6 18. fxe5 fxe5 {1-0 (48) Nakamura,H (2793)-Pelletier,Y (2541) Zuerich 2017}) 15... Nfd7 16. f4 $146 ({Predecessor:} 16. Bf3 Bxf3 17. Nxf3 {½-½ (58) Javakhadze,Z (2453)-Sevian,S (2580) Philadelphia 2016}) 16... exf4 17. gxf4 f6 18. b4 (18. e5 $11) 18... Bf7 {And now ...Nxe4 would win.} 19. Nd2 Na6 (19... Ne6 $1 $15 20. e5 c5) 20. Rb1 $11 Qb6+ 21. Kh1 Bxb4 $2 ({Inferior is} 21... Nxb4 22. Bxb4 Bxb4 23. c3 $1 $18 {[%mdl 512]}) (21... c5 $1 $11 {and Black is okay.}) 22. Bxb4 Nxb4 23. Qg3 (23. c3 Nd3 $11) 23... Nf8 {[#]} (23... Qc5 {is a better defense.}) 24. Nf5 (24. c3 Qd8 $16) (24. e5 $1 $18) 24... Ng6 $16 25. Nd6 Re7 {[#]} 26. e5 $1 {[%mdl 512] Strongly threatening N2e4.} Ba2 {[%cal Rf6e5]} (26... fxe5 27. f5) 27. Rb2 fxe5 28. fxe5 Bd5 29. c3 $36 {[%mdl 2048] Black is under strong pressure.} Bxg2+ (29... a5 $142 30. cxb4 Qd4 31. Bxd5+ Qxd5+ 32. N2e4 Qxe5) 30. Qxg2 $18 Qe3 31. cxb4 Qxe5 32. N2c4 Qe6 33. Rff2 Qe1+ (33... Qd5 $142 34. Kh2 Qxg2+ 35. Kxg2 b6) 34. Kh2 Rd8 $2 (34... Rf8 35. Rxf8+ Kxf8) 35. b5 Qe6 36. Rbe2 Qd7 (36... Qd5 $142 37. Qxd5+ cxd5 38. Rxe7 Nxe7 39. Nxb7 Rb8) 37. bxc6 (37. Rxe7 $142 Qxe7 38. Rf7) 37... bxc6 (37... Qxc6 $142 38. Rxe7 Qxg2+ 39. Rxg2 Nxe7 40. Nxb7 Rd4) 38. Rxe7 Qxe7 39. Qxc6 {aiming for Qd5+.} Qe6 40. Qc7 Rf8 $2 (40... Qe7 41. Qc6 Qe6) 41. Qxa7 Rxf2+ 42. Qxf2 {Accuracy: White = 63%, Black = 39%.} 1-0

[Event "EICC 2019"]
[Site "Skopia"]
[Date "2019.03.27"]
[Round "9.42"]
[White "Fakhrutdinov, Timur"]
[Black "Pashikian, Arman"]
[Result "1-0"]
[WhiteElo "2485"]
[BlackElo "2616"]
[Annotator "TA"]
[PlyCount "69"]
[EventDate "2019.03.18"]
[EventType "swiss"]
[EventCountry "MKD"]
[SourceTitle "playchess.com"]
[Source "ChessBase"]
[SourceQuality "1"]

{[%evp 17,69,-22,-23,-28,0,0,0,0,0,0,0,0,0,0,0,0,0,0,0,0,8,3,14,16,79,29,60,54,55,68,170,159,154,154,404,403,387,382,1927,1818,1745,1656,5087,5072,3024,1960,6487,6227,29982,29983,29983,29984,29984,29985]} 1. e4 e5 2. Nf3 Nc6 3. d4 exd4 4. Nxd4 Nf6 5. Nxc6 bxc6 6. e5 Qe7 7. Qe2 Nd5 8. c4 Ba6 9. b3 g6 10. Ba3 {C45: Scotch Game} d6 (10... Nb4 {is more complex.} 11. Bb2 Bg7 12. a3 Nd5 13. Nd2 O-O) 11. exd6 Qxe2+ 12. Bxe2 {The position is equal.} Bg7 {White must now prevent ...Nf4.} 13. cxd5 Bxe2 14. Kxe2 ({Not} 14. dxc6 $2 Bb5 $19) 14... Bxa1 15. Rc1 O-O-O 16. f4 c5 17. Bxc5 Kb7 {[#]} 18. Nd2 $146 cxd6 19. Be3 $36 {[%mdl 2048] White fights for an advantage.} Bf6 20. Nc4 Ka6 (20... Rhe8 $11 {keeps the balance.}) 21. a4 {[%mdl 1024] White has strong compensation.} Rd7 22. b4 $1 Bd8 23. Nd2 Bb6 {[#]} (23... Kb7 $14) 24. Rc6 $1 $18 {And now a5 would win.} Re8 25. Nc4 Rde7 $2 (25... Kb7 $16 {is a better defense.}) 26. Kd2 Rxe3 27. Nxe3 {Nc4 is the strong threat.} Rxe3 $2 {[#]} (27... Kb7) 28. Rxb6+ $1 {[%mdl 512]} Kxb6 29. Kxe3 {[%mdl 4096] Endgame KP-KP} a5 30. Kd4 axb4 31. Kc4 Ka5 32. Kb3 f5 {[#]} 33. h3 $1 {[%cal Bh2h3,Bh3h4][%mdl 32] White mates.} h6 34. h4 h5 35. g3 {Precision: White = 88%, Black = 24%.} 1-0

[Event "EICC 2019"]
[Site "Skopia"]
[Date "2019.03.27"]
[Round "9.43"]
[White "Chigaev, Maksim"]
[Black "Godena, Michele"]
[Result "1-0"]
[WhiteElo "2613"]
[BlackElo "2449"]
[Annotator "TA"]
[PlyCount "75"]
[EventDate "2019.03.18"]
[EventType "swiss"]
[EventCountry "MKD"]
[SourceTitle "playchess.com"]
[Source "ChessBase"]
[SourceQuality "1"]

{[%evp 11,75,10,11,13,39,19,22,12,16,14,40,15,18,25,21,18,21,22,28,25,29,23,29,17,38,44,51,48,74,12,60,29,16,37,66,-56,-109,-254,77,65,77,16,240,258,309,337,1045,1047,1025,1018,945,697,823,-251,848,782,828,834,890,873,1478,1463,1323,1254,2356,2155]} 1. e4 e5 2. Nf3 Nc6 3. Bc4 Bc5 4. d3 Nf6 5. h3 d6 6. c3 h6 7. Nbd2 {C54: Giuoco Piano: 4 c3 Nf6, main lines with 5 d4 and 5 d3} Ne7 (7... O-O 8. Bb3 Qe7 9. Nf1 Be6 10. Bc2 d5 11. Qe2 Rad8 12. g4 b5 13. g5 hxg5 14. Nxg5 dxe4 15. dxe4 {½-½ (69) Wei,Y (2734)-Fang,Y (2499) Tianjin 2018}) 8. Nf1 Ng6 9. Ng3 {The position is equal.} O-O 10. O-O Re8 $146 ({Predecessor:} 10... Bb6 11. Re1 Be6 12. Bb3 Qd7 13. d4 Bxb3 14. Qxb3 Rfe8 {0-1 (42) Lakos,N (2316)-Rapport,R (2440) Hungary 2009}) 11. Re1 Bb6 12. Bb3 Be6 13. a4 {Threatens to win with a5.} a5 14. d4 Bxb3 15. Qxb3 d5 16. exd5 {[%cal Rd4e5]} exd4 {White must now prevent ...Rxe1+.} 17. Rxe8+ Qxe8 18. c4 Nd7 19. Bd2 Nc5 20. Qc2 d3 21. Qc3 $1 f6 22. Re1 Qxa4 23. Bxh6 (23. Nh5 $1 $14 Kh7 24. h4) 23... Qc2 $1 $15 {[%cal Rc2c3]} 24. Qd4 (24. Bd2 $17) 24... gxh6 $2 (24... Nd7 $19 25. Qg4 Bxf2+ 26. Kh2 d2) 25. Qg4 $1 $16 {[%cal Rg4g6]} d2 $1 {[%cal Rd2e1] [#]} 26. Nxd2 $1 {[%mdl 512]} h5 $2 (26... Qxd2 $2 27. Qxg6+ Kf8 28. Re7 $3 $18 {[%mdl 512]}) (26... Kh8 $1 $11 {and Black stays safe.} 27. Nf5 Qxd2 28. Qxg6 Qg5 29. Re8+ Rxe8 30. Qxe8+ Qg8) 27. Nxh5 $40 {[%mdl 128] Strongly threatening Ne4. White is out for blood.} Kf7 {[#]} 28. Re6 $1 {[%cal Re6f6][%mdl 512]} Qxd2 $2 (28... Qxb2 29. Rxf6+ Qxf6 30. Nxf6 Kxf6) (28... Nxe6 29. Qxe6+) 29. Rxf6+ {[%mdl 64] Double Attack} Ke7 30. Qxg6 {Threatening mate with Qg7+.} Re8 31. Kh2 Qxb2 32. Qg7+ Kd8 {[#] ...Qe5+ is the strong threat.} 33. Rd6+ $1 {[%mdl 576] Discovered Attack. White is clearly winning.} cxd6 34. Qxb2 Kc7 35. Ng7 Ra8 36. Ne6+ Nxe6 37. dxe6 a4 38. Qg7+ {Accuracy: White = 71%, Black = 51%.} 1-0

[Event "EICC 2019"]
[Site "Skopia"]
[Date "2019.03.27"]
[Round "9.44"]
[White "Erdos, Viktor"]
[Black "Zajic, Milan"]
[Result "1-0"]
[WhiteElo "2612"]
[BlackElo "2485"]
[Annotator "TA"]
[PlyCount "59"]
[EventDate "2019.03.18"]
[EventType "swiss"]
[EventCountry "MKD"]
[SourceTitle "playchess.com"]
[Source "ChessBase"]
[SourceQuality "1"]

{[%evp 18,59,14,11,7,18,33,-13,-8,-13,-15,-28,-26,-27,-21,-33,-7,-14,-10,-17,12,-14,-6,-9,18,12,0,0,0,-7,0,0,12,12,12,12,12,0,148,13,11,0,383,388]} 1. Nf3 Nf6 2. c4 e6 3. g3 d5 4. d4 Be7 5. Bg2 O-O 6. Nc3 Nbd7 7. Qd3 c6 8. O-O b6 9. e4 Ba6 10. b3 dxe4 {E07: Closed Catalan: Main Line (5 Nf3 0-0 6 0-0 Nbd7)} (10... Rc8 11. Rd1 h6 12. e5 Nh7 13. Qc2 Qc7 14. Ne2 Rfd8 15. Nf4 Ng5 16. Nxg5 Bxg5 17. h4 Be7 18. Bb2 Nf8 19. Rac1 {1-0 (68) Anand,V (2770)-Anton Guijarro,D (2627) Leon 2016}) 11. Nxe4 b5 12. c5 $146 ({Predecessor:} 12. Nxf6+ Bxf6 13. Bf4 bxc4 14. bxc4 Nb6 15. Rac1 c5 16. Ne5 Bxe5 17. Bxe5 Rc8 18. Qa3 Bxc4 19. dxc5 Bxf1 20. Bxf1 {0-1 (37) Orlov,G (2512)-Ivkov,B (2450) Vancouver 2000}) 12... Nxc5 $1 {The position is equal.} 13. Nxc5 Bxc5 {[%mdl 64] [#] Pin} 14. Qc2 Bb6 15. Rd1 Bb7 16. a4 h6 17. Ba3 Re8 18. Bc5 bxa4 19. bxa4 {[%cal Bb3a4,Ba4a5][%mdl 32]} Qc7 20. Ne5 Rab8 21. a5 Bxc5 22. Qxc5 {[%mdl 64] Double Attack} Ba8 $1 23. Rab1 Rxb1 24. Rxb1 Nd7 25. Nxd7 Qxd7 26. h4 Qc7 27. Be4 Qc8 (27... g6 $11) 28. Rb2 (28. Qxa7 $16 {Strongly threatening a6.} c5 29. Bxa8 Qxa8 30. Qxc5) 28... Qc7 29. Kh2 Rf8 $2 {[%mdl 8192] [#]} (29... Rd8 $11 {and Black stays safe.}) 30. Bh7+ $1 {[%mdl 512] Accuracy: White = 42%, Black = 33%.} 1-0

[Event "EICC 2019"]
[Site "Skopia"]
[Date "2019.03.27"]
[Round "9.45"]
[White "Zwardon, Vojtech"]
[Black "Zhigalko, Sergei"]
[Result "1/2-1/2"]
[WhiteElo "2452"]
[BlackElo "2604"]
[Annotator "TA"]
[PlyCount "18"]
[EventDate "2019.03.18"]
[EventType "swiss"]
[EventCountry "MKD"]
[SourceTitle "playchess.com"]
[Source "ChessBase"]
[SourceQuality "1"]

{[%evp 9,18,9,16,6,0,13,4,13,30,33,34]} 1. c4 e5 2. g3 Nf6 3. Bg2 Nc6 4. Nf3 Bc5 5. O-O d6 6. e3 {A20: English Opening: 1...e5} O-O 7. d4 Bb6 8. Nc3 a5 9. dxe5 $146 ({Predecessor:} 9. b3 Bg4 10. h3 exd4 11. Na4 Bxf3 12. Bxf3 dxe3 13. Nxb6 exf2+ 14. Rxf2 cxb6 {½-½ (44) Dominguez Perez,L (2755)-Zhigalko,S (2677) Bilbao 2014}) 9... Nxe5 1/2-1/2

[Event "EICC 2019"]
[Site "Skopia"]
[Date "2019.03.27"]
[Round "9.46"]
[White "Moussard, Jules"]
[Black "Murzin, Volodar"]
[Result "1-0"]
[WhiteElo "2601"]
[BlackElo "2337"]
[Annotator "TA"]
[PlyCount "103"]
[EventDate "2019.03.18"]
[EventType "swiss"]
[EventCountry "MKD"]
[SourceTitle "playchess.com"]
[Source "ChessBase"]
[SourceQuality "1"]

{[%evp 13,103,11,22,20,24,22,18,25,25,27,31,22,27,20,23,18,18,6,24,18,41,41,43,41,44,42,47,37,41,43,54,0,0,0,0,-10,0,-6,0,0,6,7,6,0,152,169,152,162,177,178,172,157,174,174,155,159,189,189,260,260,240,147,359,365,358,336,322,426,426,426,426,426,426,426,407,389,845,560,476,440,879,797,29977,29978,29978,29979,29994,29992,29992,29989,29989,29990]} 1. e4 c6 2. Nc3 d5 3. Nf3 Bg4 4. h3 Bxf3 5. Qxf3 e6 6. Be2 Nf6 7. O-O Nbd7 8. d4 {B11: Caro-Kann: Two Knights Variation} dxe4 9. Nxe4 Nxe4 (9... Be7 10. Rd1 O-O 11. c3 a5 12. Bf4 Nxe4 13. Qxe4 Nf6 14. Qc2 Nd5 15. Bd2 b5 {0-1 (42) Howell,D (2676)-Laznicka,V (2647) Riadh 2017}) 10. Qxe4 {The position is equal.} Nf6 11. Qd3 Be7 12. c3 O-O 13. a4 a5 14. Qf3 $146 ({Predecessor:} 14. Qg3) 14... Nd5 15. Bd3 Bf6 16. g3 g6 17. h4 Kg7 18. Kg2 h5 19. Re1 Rh8 20. Re2 Qd7 21. Bd2 b5 22. axb5 (22. Be4 $14) 22... cxb5 $11 23. Re4 a4 24. Qe2 Rab8 25. Bg5 Bxg5 26. hxg5 Rhe8 27. Qf3 Rec8 28. Re5 $36 {[%mdl 2048] White is more active.} a3 $2 (28... Kg8 $11) 29. Rxa3 $16 b4 {[#]} 30. Rb3 $1 bxc3 31. Rxb8 {[%mdl 64] Overworked Piece} Rxb8 32. bxc3 Ne7 33. Rc5 Kg8 34. Qf4 Rd8 35. Be4 Qe8 (35... Nf5 {was called for.} 36. Rc7 Qd6 37. Qxd6 Nxd6) 36. Qe5 $18 Qf8 37. Qf6 Qe8 $2 (37... Nd5 $16 {was necessary.} 38. Qf3 Qd6) 38. c4 Qd7 39. Re5 Nc6 40. Bxc6 Qxc6+ {[%mdl 4096] Endgame KQR-KQR} 41. d5 $1 Qa8 {[#]} 42. Kh2 $1 exd5 43. Re7 Rf8 44. c5 {[%cal Bc4c5,Bc5c6][%mdl 32]} d4 $2 (44... h4 45. c6 (45. gxh4 Qa4 $16) 45... Qa6) 45. c6 d3 46. Rd7 h4 (46... Qa4 $142 47. Rxd3 Qb5) 47. gxh4 Qa6 {[#]} 48. h5 $1 {[%mdl 512] White mates.} Qc4 (48... gxh5 49. g6) 49. Rd4 d2 50. Rxc4 d1=Q 51. c7 Qxh5+ 52. Kg2 {Accuracy: White = 75%, Black = 39%.} 1-0